| 000 | 00000cam 2200000zi 4500 |
| 001 | 9.959369 |
| 003 | CaOODSP |
| 005 | 20260513133612 |
| 006 | m o d f |
| 007 | cr ||||||||||| |
| 008 | 260129t20262026onca ob f000 0 eng d |
| 020 | |a9780660981567 |
| 040 | |aCaOODSP|beng|erda|cCaOODSP |
| 043 | |an-cn-qu |
| 086 | 1 |aEn3-4/141-1-2026E-PDF |
| 245 | 00|aProgress towards the implementation of the recovery strategy for the copper redhorse (Moxostoma hubbsi) for the period 2019 to 2023. |
| 264 | 1|a[Ottawa] : |bGovernment of Canada = Gouvernement du Canada, |c2026. |
| 264 | 4|c©2026 |
| 300 | |a1 online resource (iii, 9 pages) : |bcolour illustration |
| 336 | |atext|btxt|2rdacontent |
| 337 | |acomputer|bc|2rdamedia |
| 338 | |aonline resource|bcr|2rdacarrier |
| 490 | 1 |aSpecies at Risk Act recovery strategy report series |
| 500 | |aIssued by: Fisheries and Oceans Canada. |
| 500 | |aIssued also in French under title: Progrès de la mise en œuvre du programme de rétablissement du chevalier cuivré (Moxostoma hubbsi) pour la période 2019 à 2023. |
| 500 | |aCover title. |
| 504 | |aIncludes bibliographical references (page 9). |
| 650 | 0|aCopper redhorse|xConservation|zQuébec (Province) |
| 650 | 0|aWildlife recovery|zQuébec (Province) |
| 710 | 1 |aCanada. |bDepartment of Fisheries and Oceans, |eissuing body. |
| 775 | 08|tRapport sur les progrès de la mise en œuvre du programme de rétablissement du chevalier cuivré (Moxostoma hubbsi) au Canada pour la période 2019 à 2023.|w(CaOODSP)9.959371 |
| 795 | |tReport on the progress of recovery strategy implementation for the copper redhorse (Moxostoma hubbsi) in Canada for the period 2012 to 2018.|w(CaOODSP)9.905064 |
| 830 | #0|aSpecies at Risk Act recovery strategy series.|w(CaOODSP)9.505071 |
| 856 | 40|qPDF|s609 KB|uhttps://publications.gc.ca/collections/collection_2026/mpo-dfo/En3-4-141-1-2026-eng.pdf |
| 856 | 4 |qHTML|sN/A|uhttps://www.canada.ca/en/environment-climate-change/services/species-risk-public-registry/report-progress-recovery-document/copper-redhorse-2026.html |